00717nam a2200205 c 450000500170000000800410001702000190005804000480007704100080012524501180013326000420025130000250029349000230031850400530034165000280039465000210042270000260044370000240046970000180049320200918101552.0120830s2018 enk |||gr|||| 00| 0 eng d a 9780198785521 aCO-BoUCMbspacDeissy GarciadDeissy Garcia0 aeng04aThe Oxford handbook of European legal history ceditado por Heikki Pihlajamäki, Markus D. Dubber, Mark Godfrey bOxford University Pressc2018aOxford axvii, 1192 páginas0 a[Oxford handbooks] aIncluye referencias bibliográficas e índices aLeyesxHistoriazEuropa aHistoriazEuropa1 aPihlajamäki, Heikki1 aDubber, Markus Dirk1 aGodfrey, Mark